| Tag |
First Indicator |
Second Indicator |
Subfields |
| LEADER |
00000cam a2200000 a 4500 |
| 001 |
in00000098156 |
| 005 |
20150924085633.0 |
| 008 |
720505s1965 nyua j 00011 engm |
| 010 |
|
|
|a 65014488
|
| 035 |
|
|
|a (OCoLC)00301730
|
| 035 |
|
|
|9 AAK9522AM
|
| 040 |
|
|
|a DLC
|c WSU
|d OCL
|d SER
|d m.c.
|d TXA
|d UtOrBLW
|
| 049 |
|
|
|a [Curr Col] TXAM [388794]
|
| 050 |
0 |
0 |
|a PZ7 P7125
|b Bi
|
| 100 |
1 |
|
|a Platt, Kin.
|
| 245 |
1 |
0 |
|a Big Max /
|c by Kin Platt ; with pictures by Robert Lopshire.
|
| 264 |
|
1 |
|a New York :
|b Harper & Row,
|c [1965]
|
| 264 |
|
4 |
|c ©1965
|
| 300 |
|
|
|a 64 pages :
|b color illustrations ;
|c 23 cm.
|
| 336 |
|
|
|a text
|b txt
|2 rdacontent
|
| 337 |
|
|
|a unmediated
|b n
|2 rdamedia
|
| 338 |
|
|
|a volume
|b nc
|2 rdacarrier
|
| 490 |
1 |
|
|a An I can read mystery
|
| 490 |
0 |
|
|a Harpercrest library edition
|
| 700 |
1 |
|
|a Lopshire, Robert.
|
| 830 |
|
0 |
|a I can read mystery.
|
| 999 |
|
|
|a MARS
|
| 999 |
f |
f |
|s 90d2e519-e0ce-323a-91e0-00694a8d99e6
|i d97f3157-c343-3d6e-b959-6c5a65df227c
|t 0
|
| 952 |
f |
f |
|p normal
|a Texas A&M University
|b College Station
|c Sterling C. Evans Library
|d Evans: Curriculum Collection (4th floor)
|t 0
|e PZ7 P7125 Bi
|h Library of Congress classification
|i unmediated -- volume
|m A14806025576
|
| 998 |
f |
f |
|a PZ7 P7125 Bi
|t 0
|l Evans: Curriculum Collection (4th floor)
|